[Event "Solingen-ch"]
[Site "Solingen"]
[Date "2016.12.02"]
[Round "7"]
[White "Nguyen, Gia Huy Philipp"]
[Black "Borchert, Stephan"]
[Result "1-0"]
[WhiteElo "1843"]
[BlackElo "1964"]
[PlyCount "111"]
[EventDate "2016.09.07"]
[EventType "swiss"]
[EventRounds "7"]
[EventCountry "GER"]
[SourceTitle "EXT 2018"]
[Source "ChessBase"]
[SourceDate "2017.10.13"]
[SourceVersion "1"]
[SourceVersionDate "2017.10.13"]
[SourceQuality "1"]

1. e4 c5 2. Nf3 e6 3. d4 cxd4 4. Nxd4 a6 5. Nc3 Qc7 6. Bd3 Nf6 7. Be3 d6 8. 0-0 Be7 9. Kh1 0-0 10. a4 b6 11. f4 Nbd7 12. Qf3 Bb7 13. Qg3 Nc5 14. e5 Nfd7 15. exd6 Qxd6 16. Be2 Bf6 17. Rad1 Qc7 18. Qg4 Rfe8 19. Bf3 g6 20. Bxb7 Qxb7 21. f5 Bg7 22. fxg6 hxg6 23. Qh4 e5 24. Nf3 f6 25. Bh6 Qc6 26. Qc4+ Re6 27. Bxg7 Kxg7 28. b4 Rc8 29. bxc5 Nxc5 30. Qd5 Qe8 31. Ne4 Nxe4 32. Qxe4 Rc7 33. Qd5 Ree7 34. Qb3 Qc6 35. Rd2 e4 36. Nd4 Qc4 37. Ne2 e3 38. Rd3 Qxc2 39. Rxe3 Qxb3 40. Rxb3 Rxe2 41. Rxb6 Rcc2 42. Rg1 a5 43. Rb5 Re5 44. Rb7+ Kh6 45. Ra1 Ree2 46. h3 Rxg2 47. Rb5 Rh2+ 48. Kg1 Rxh3 49. Rxa5 f5 50. Ra8 Kg5 51. a5 Kg4 52. Rg8 g5 53. a6 f4 54. a7 f3 55. a8Q f2+ 56. Kf1 1-0

[Event "Solingen-ch"]
[Site "Solingen"]
[Date "2016.11.11"]
[Round "6"]
[White "Flesch, Stefan"]
[Black "Nguyen, Gia Huy Philipp"]
[Result "1-0"]
[WhiteElo "2057"]
[BlackElo "1843"]
[PlyCount "113"]
[EventDate "2016.09.07"]
[EventType "swiss"]
[EventRounds "7"]
[EventCountry "GER"]
[SourceTitle "EXT 2018"]
[Source "ChessBase"]
[SourceDate "2017.10.13"]
[SourceVersion "1"]
[SourceVersionDate "2017.10.13"]
[SourceQuality "1"]

1. d4 d5 2. c4 e6 3. Nc3 c5 4. cxd5 cxd4 5. Qxd4 Nc6 6. Qd1 exd5 7. Qxd5 Be6 8. Qxd8+ Rxd8 9. e3 Nb4 10. Bb5+ Ke7 11. Kf1 Nf6 12. Nf3 Nc2 13. Rb1 Ne4 14. Nd4 Nxd4 15. exd4 Rxd4 16. Be3 Nxc3 17. bxc3 Bxa2 18. Re1 Rd5 19. Bxa7+ Kf6 20. Bd4+ Kg6 21. Bd3+ f5 22. g4 Kh6 23. Bxf5 Bc5 24. Be3+ Bxe3 25. Rxe3 Rd1+ 26. Kg2 Bd5+ 27. Be4 Bxe4+ 28. Rxe4 Rxh1 29. Kxh1 Rc8 30. c4 Rc7 31. Kg2 Kg5 32. Kg3 Kf6 33. h4 h6 34. h5 Kg5 35. Kf3 Kf6 36. Ke3 Rd7 37. Re8 Kf7 38. Re5 Kf6 39. Rb5 Ke6 40. Ke4 Kf6 41. f4 Ke6 42. Rb6+ Kf7 43. Ke5 Ke7 44. Rg6 Kf7 45. Rd6 Rc7 46. Kd5 Ke7 47. c5 Kf7 48. Kc4 Ke7 49. Kb5 Ke8 50. Kb6 Rf7 51. f5 Kf8 52. Re6 Rd7 53. Rd6 Rf7 54. Rd8+ Ke7 55. Rb8 Kf6 56. Rxb7 Rf8 57. Kc7 1-0

[Event "Solingen-ch"]
[Site "Solingen"]
[Date "2016.10.07"]
[Round "3"]
[White "Meckel, Helmut"]
[Black "Nguyen, Gia Huy Philipp"]
[Result "1/2-1/2"]
[WhiteElo "1755"]
[BlackElo "1843"]
[PlyCount "45"]
[EventDate "2016.09.07"]
[EventType "swiss"]
[EventRounds "7"]
[EventCountry "GER"]
[SourceTitle "EXT 2018"]
[Source "ChessBase"]
[SourceDate "2017.10.13"]
[SourceVersion "1"]
[SourceVersionDate "2017.10.13"]
[SourceQuality "1"]

1. b4 d5 2. Nf3 Bg4 3. e3 e6 4. Bb2 Nf6 5. b5 a6 6. a4 axb5 7. axb5 Rxa1 8. Bxa1 Nbd7 9. c4 c6 10. bxc6 bxc6 11. Qa4 Bxf3 12. gxf3 Qb8 13. Nc3 Qb7 14. cxd5 cxd5 15. Nb5 Be7 16. Bxf6 gxf6 17. Rg1 Qb8 18. Rg2 f5 19. Be2 Kf8 20. Qd4 Bf6 21. Qb4+ Be7 22. Qd4 Bf6 23. Qb4+ 1/2-1/2

[Event "Solingen-ch"]
[Site "Solingen"]
[Date "2015.11.20"]
[Round "6"]
[White "Borchert, Stephan"]
[Black "Nguyen, Gia Huy Philipp"]
[Result "1-0"]
[WhiteElo "1850"]
[BlackElo "1858"]
[PlyCount "93"]
[EventDate "2015.09.04"]
[EventType "swiss"]
[EventRounds "7"]
[EventCountry "GER"]
[SourceTitle "EXT 2018"]
[Source "ChessBase"]
[SourceDate "2017.10.13"]
[SourceVersion "1"]
[SourceVersionDate "2017.10.13"]
[SourceQuality "1"]

1. e4 c5 2. Nf3 d6 3. Bb5+ Bd7 4. Bxd7+ Qxd7 5. 0-0 Nf6 6. Re1 Nc6 7. c3 e6 8. Na3 Be7 9. Nc2 0-0 10. d3 a6 11. Ne3 Qc7 12. Nf1 b5 13. Ng3 a5 14. Bf4 b4 15. d4 cxd4 16. cxd4 e5 17. Bg5 h6 18. Be3 d5 19. Rc1 Qd7 20. dxe5 Ng4 21. exd5 Ncxe5 22. Nxe5 Nxe5 23. Bf4 Ng6 24. d6 Bd8 25. Be3 Re8 26. Qd5 Ra6 27. Bc5 Rxe1+ 28. Rxe1 Nf4 29. Qc4 Rc6 30. Qxf4 Rxc5 31. h3 Rc2 32. Qe5 Bf6 33. Qxa5 Bxb2 34. Qa8+ Rc8 35. Qd5 Bf6 36. Ne4 Be7 37. Rd1 Bf8 38. Qa5 Rc4 39. Qd5 Rc8 40. Qd4 Rb8 41. Rd3 Kh8 42. Nd2 Kg8 43. Nc4 Qd8 44. Ne5 Qc8 45. d7 Qc1+ 46. Rd1 Qg5 47. Nc6 1-0

[Event "Solingen-ch"]
[Site "Solingen"]
[Date "2015.11.06"]
[Round "5"]
[White "Nguyen, Gia Huy Philipp"]
[Black "Flesch, Stefan"]
[Result "0-1"]
[WhiteElo "1858"]
[BlackElo "2073"]
[PlyCount "98"]
[EventDate "2015.09.04"]
[EventType "swiss"]
[EventRounds "7"]
[EventCountry "GER"]
[SourceTitle "EXT 2018"]
[Source "ChessBase"]
[SourceDate "2017.10.13"]
[SourceVersion "1"]
[SourceVersionDate "2017.10.13"]
[SourceQuality "1"]

1. e4 g6 2. d4 Bg7 3. Nc3 d6 4. Nf3 e6 5. Be2 Ne7 6. 0-0 a6 7. Bg5 h6 8. Bh4 Nd7 9. Re1 b6 10. Qd2 Bb7 11. a4 0-0 12. e5 d5 13. Nd1 c5 14. c3 Qe8 15. Ne3 Nf5 16. Ng4 Nxh4 17. Nxh4 Qe7 18. Nf3 h5 19. Ne3 Kh7 20. Bd3 Bh6 21. Qe2 Kg7 22. b3 Rfc8 23. Rad1 cxd4 24. cxd4 Qb4 25. Rb1 Nb8 26. Nc2 Qc3 27. h4 Nc6 28. Red1 Nb4 29. Nxb4 Qxb4 30. Ng5 Rc3 31. Qf3 Qe7 32. Rdc1 Rac8 33. Rxc3 Rxc3 34. Qe2 Bxg5 35. hxg5 Qxg5 36. Bxa6 Bxa6 37. Qxa6 Rc1+ 38. Rxc1 Qxc1+ 39. Qf1 Qc2 40. Qe1 Qxb3 41. f4 Qxa4 42. Qh4 Qxd4+ 43. Kh2 Qb4 44. Qf6+ Kg8 45. Qd8+ Kh7 46. g3 b5 47. Qe8 Kg7 48. Qd8 Qf8 49. Qf6+ Kg8 0-1

[Event "Solingen-ch"]
[Site "Solingen"]
[Date "2014.10.24"]
[Round "4"]
[White "Mentzel, Markus"]
[Black "Nguyen, Gia Huy Philipp"]
[Result "1/2-1/2"]
[WhiteElo "1952"]
[BlackElo "1826"]
[PlyCount "95"]
[EventDate "2014.09.12"]
[EventType "swiss"]
[EventRounds "7"]
[EventCountry "GER"]
[SourceTitle "EXT 2016"]
[Source "ChessBase"]
[SourceDate "2015.10.08"]
[SourceVersion "1"]
[SourceVersionDate "2015.10.08"]
[SourceQuality "1"]

1. c4 Nf6 2. Nc3 g6 3. e4 d6 4. d4 Bg7 5. Nf3 0-0 6. h3 Re8 7. Bd3 e5 8. d5 Nbd7 9. Bg5 h6 10. Be3 Nc5 11. g4 Nfd7 12. Bc2 a5 13. Qd2 Nb6 14. b3 a4 15. Rb1 Kh7 16. Qe2 Bd7 17. b4 Na6 18. c5 Nc8 19. 0-0 c6 20. Rfd1 dxc5 21. dxc6 bxc6 22. bxc5 Qc7 23. Nxa4 Be6 24. Nb6 Nxb6 25. Rxb6 Nb8 26. Bb3 Nd7 27. Bxe6 Rxe6 28. Ra6 Ree8 29. Rd6 Rxa6 30. Qxa6 Rc8 31. Rd3 Rb8 32. Qc4 Kg8 33. Rb3 Ra8 34. a3 Ra5 35. Qc1 Kh7 36. Rc3 Bf8 37. Nd2 Qa7 38. Nc4 Ra4 39. Nb6 Rxe4 40. Qc2 f5 41. Nxd7 Qxd7 42. f3 Rxe3 43. Rxe3 Qd4 44. Qb3 Bxc5 45. Qf7+ Kh8 46. Qf6+ Kh7 47. Qf7+ Kh8 48. Qf6+ 1/2-1/2

[Event "Solingen-ch"]
[Site "Solingen"]
[Date "2014.09.26"]
[Round "2"]
[White "Goerke, Joachim"]
[Black "Nguyen, Gia Huy Philipp"]
[Result "1-0"]
[WhiteElo "2090"]
[BlackElo "1826"]
[PlyCount "41"]
[EventDate "2014.09.12"]
[EventType "swiss"]
[EventRounds "7"]
[EventCountry "GER"]
[SourceTitle "EXT 2016"]
[Source "ChessBase"]
[SourceDate "2015.10.08"]
[SourceVersion "1"]
[SourceVersionDate "2015.10.08"]
[SourceQuality "1"]

1. c4 Nf6 2. Nc3 g6 3. g3 Bg7 4. Bg2 0-0 5. f4 d6 6. Nf3 Nc6 7. 0-0 e5 8. d3 Re8 9. e4 Bg4 10. h3 Bd7 11. Nd5 Qc8 12. Kh2 Nxd5 13. cxd5 Nb4 14. fxe5 dxe5 15. a3 Na6 16. Be3 c6 17. Ng5 f6 18. dxc6 Bxc6 19. Qb3+ Kh8 20. Nf7+ Kg8 21. Nh6+ 1-0

[Event "GER-chT U16"]
[Site "Lingen"]
[Date "2013.12.30"]
[Round "7.2"]
[White "Nguyen, Gia Huy Philipp"]
[Black "Romes, Max"]
[Result "1-0"]
[WhiteElo "1563"]
[BlackElo "1899"]
[PlyCount "27"]
[EventDate "2013.12.27"]
[EventType "team-swiss"]
[EventRounds "7"]
[EventCountry "GER"]
[SourceTitle "EXT 2015"]
[Source "ChessBase"]
[SourceDate "2014.11.20"]
[SourceVersion "1"]
[SourceVersionDate "2014.11.20"]
[SourceQuality "1"]
[WhiteTeam "Solingen"]
[BlackTeam "Sontheim/Brenz"]
[WhiteTeamCountry "GER"]
[BlackTeamCountry "GER"]

1. e4 c6 2. d4 d5 3. e5 c5 4. dxc5 e6 5. Be3 Qc7 6. Qd4 Ne7 7. Nc3 Bd7 8. Nb5 Bxb5 9. Bxb5+ Nbc6 10. Qc3 0-0-0 11. Nf3 Nxe5 12. Nxe5 d4 13. Bxd4 Nd5 14. Qc4 1-0

[Event "GER-chT U16"]
[Site "Lingen"]
[Date "2013.12.27"]
[Round "1.2"]
[White "Pfreundt, Jakob"]
[Black "Nguyen, Gia Huy Philipp"]
[Result "1-0"]
[WhiteElo "1986"]
[BlackElo "1563"]
[PlyCount "59"]
[EventDate "2013.12.27"]
[EventType "team-swiss"]
[EventRounds "7"]
[EventCountry "GER"]
[SourceTitle "EXT 2015"]
[Source "ChessBase"]
[SourceDate "2014.11.20"]
[SourceVersion "1"]
[SourceVersionDate "2014.11.20"]
[SourceQuality "1"]
[WhiteTeam "Koenigsspringer"]
[BlackTeam "Solingen"]
[WhiteTeamCountry "GER"]
[BlackTeamCountry "GER"]

1. d4 Nf6 2. c4 g6 3. Nc3 Bg7 4. e4 d6 5. Be2 0-0 6. Nf3 Bg4 7. Ng1 Bd7 8. f4 c5 9. d5 e6 10. e5 Ne8 11. Nf3 exd5 12. cxd5 Bg4 13. Ng5 Bxe2 14. Qxe2 h6 15. e6 hxg5 16. e7 Qb6 17. exf8Q+ Kxf8 18. 0-0 gxf4 19. Bxf4 Nd7 20. Ne4 Bxb2 21. Rae1 Be5 22. Ng5 Kg8 23. Nxf7 Qc7 24. Qg4 Ng7 25. Qxg6 Nf8 26. Nh6+ Kh8 27. Qg3 Nd7 28. Qh4 Nf8 29. Bxe5 dxe5 30. Nf7+ 1-0

[Event "GER-chT U16"]
[Site "Naumburg"]
[Date "2012.12.29"]
[Round "6"]
[White "Gubela, Hans Erich Constant"]
[Black "Nguyen, Gia Huy Philipp"]
[Result "1-0"]
[WhiteElo "1846"]
[BlackElo "1450"]
[PlyCount "101"]
[EventDate "2012.12.27"]
[EventType "team-swiss"]
[EventRounds "7"]
[EventCountry "GER"]
[SourceTitle "EXT 2014"]
[Source "ChessBase"]
[SourceDate "2013.11.20"]
[SourceVersion "1"]
[SourceVersionDate "2013.11.20"]
[SourceQuality "1"]
[WhiteTeam "Sasbach"]
[BlackTeam "Solingen"]
[WhiteTeamCountry "GER"]
[BlackTeamCountry "GER"]

1. e3 e5 2. b3 d5 3. Bb2 Nc6 4. Be2 Bd6 5. Nf3 Nge7 6. 0-0 0-0 7. c4 Be6 8. cxd5 Nxd5 9. Nc3 Nxc3 10. Bxc3 Bf5 11. d4 exd4 12. Nxd4 Nxd4 13. Qxd4 f6 14. Rfd1 Be6 15. Bf3 Qc8 16. Qe4 Rb8 17. Rac1 Ba3 18. Rc2 Bf5 19. Qc4+ Kh8 20. e4 Bg4 21. Bxg4 Qxg4 22. f3 Qf4 23. Qe2 Bc5+ 24. Kh1 Rfd8 25. Rcd2 Rxd2 26. Qxd2 Qxd2 27. Rxd2 Kg8 28. Rd7 Bd6 29. g3 Kf8 30. Kg2 Re8 31. Kf2 Re7 32. Rxe7 Kxe7 33. Ke3 Kd7 34. f4 Ke6 35. g4 b5 36. h4 c5 37. g5 fxg5 38. f5+ Kf7 39. hxg5 Be7 40. Kf4 c4 41. bxc4 bxc4 42. e5 Bf8 43. e6+ Ke8 44. f6 gxf6 45. gxf6 Bc5 46. Kf5 Ba3 47. Ke5 Bf8 48. f7+ Kd8 49. Ba5+ Kc8 50. Kf6 h5 51. e7 1-0

[Event "GER-chT U16"]
[Site "Naumburg"]
[Date "2012.12.28"]
[Round "4"]
[White "Hartogh, Christian"]
[Black "Nguyen, Gia Huy Philipp"]
[Result "1-0"]
[WhiteElo "1656"]
[BlackElo "1450"]
[PlyCount "117"]
[EventDate "2012.12.27"]
[EventType "team-swiss"]
[EventRounds "7"]
[EventCountry "GER"]
[SourceTitle "EXT 2014"]
[Source "ChessBase"]
[SourceDate "2013.11.20"]
[SourceVersion "1"]
[SourceVersionDate "2013.11.20"]
[SourceQuality "1"]
[WhiteTeam "Gottingen Rochade"]
[BlackTeam "Solingen"]
[WhiteTeamCountry "GER"]
[BlackTeamCountry "GER"]

1. e4 c5 2. Nc3 Nc6 3. f4 g6 4. Nf3 Bg7 5. g3 e6 6. Bg2 Nge7 7. 0-0 d6 8. d3 0-0 9. Bd2 b6 10. g4 f5 11. exf5 exf5 12. g5 Bb7 13. Be3 Qc7 14. Rb1 d5 15. d4 c4 16. Ne5 Nxe5 17. dxe5 Qd7 18. Bd4 Rfe8 19. Qd2 Bc6 20. Rbd1 Rad8 21. Bf3 b5 22. Bc5 Qb7 23. a3 Bf8 24. Bxe7 Qxe7 25. Nxd5 Qc5+ 26. Kh1 Kf7 27. Qg2 Bxd5 28. Bxd5+ Kg7 29. Bc6 Rxd1 30. Rxd1 Re7 31. Qd5 Qxd5+ 32. Rxd5 a6 33. Bd7 h6 34. e6 hxg5 35. fxg5 Kg8 36. Kg2 Rh7 37. Kg3 Rh5 38. h4 f4+ 39. Kg4 f3 40. Rd4 Bc5 41. Rf4 Rh7 42. Rxf3 Re7 43. Rf1 Rg7 44. Re1 Kf8 45. Re5 Bd4 46. Rd5 Bxb2 47. a4 b4 48. Rd6 a5 49. Rd5 Bc3 50. Rxa5 b3 51. Ra8+ Ke7 52. cxb3 cxb3 53. Rb8 b2 54. a5 Be5 55. Rb7 Rg8 56. Ba4+ Kd6 57. Bc2 Bd4 58. Rd7+ Kxe6 59. Rxd4 1-0

[Event "GER-chT U16"]
[Site "Naumburg"]
[Date "2012.12.27"]
[Round "1"]
[White "Nguyen, Gia Huy Philipp"]
[Black "Essig, Philipp"]
[Result "0-1"]
[WhiteElo "1450"]
[BlackElo "1471"]
[PlyCount "112"]
[EventDate "2012.12.27"]
[EventType "team-swiss"]
[EventRounds "7"]
[EventCountry "GER"]
[SourceTitle "EXT 2014"]
[Source "ChessBase"]
[SourceDate "2013.11.20"]
[SourceVersion "1"]
[SourceVersionDate "2013.11.20"]
[SourceQuality "1"]
[WhiteTeam "Solingen"]
[BlackTeam "Eppingen"]
[WhiteTeamCountry "GER"]
[BlackTeamCountry "GER"]

1. e4 e6 2. Nf3 d5 3. Nc3 Nf6 4. e5 Nfd7 5. d4 c5 6. Bg5 Qb6 7. dxc5 Bxc5 8. Qd2 Nc6 9. Na4 Qb4 10. Nxc5 Qxd2+ 11. Bxd2 Nxc5 12. Bb5 Bd7 13. Be3 b6 14. Bxc6 Bxc6 15. Nd4 Rc8 16. a4 a5 17. 0-0 Bxa4 18. b4 axb4 19. Rfb1 0-0 20. Rxb4 b5 21. Nxb5 Bxb5 22. Rxb5 Nd7 23. f4 Rxc2 24. Ra7 Nb8 25. Bc5 Nc6 26. Rab7 Ra8 27. h3 h6 28. R7b6 Ra5 29. Rxa5 Nxa5 30. Bb4 Nc4 31. Rc6 Ne3 32. Rxc2 Nxc2 33. Bd2 f6 34. Kf2 Kf7 35. g4 g6 36. h4 fxe5 37. fxe5 h5 38. Kf3 Nd4+ 39. Kf4 Nc6 40. gxh5 gxh5 41. Bc3 Kg6 42. Bb2 Ne7 43. Bd4 Kh6 44. Be3 Ng6+ 45. Kg3+ Kg7 46. Bc5 Kf7 47. Bd6 Ke8 48. Ba3 Nxe5 49. Kf4 Nf7 50. Bb2 Kd7 51. Bd4 Kc6 52. Bc3 Kc5 53. Bb2 d4 54. Ke4 e5 55. Kd3 Nd6 56. Ba3+ Kd5 0-1

[Event "GER-chT U16"]
[Site "Naumburg"]
[Date "2012.12.27"]
[Round "2"]
[White "Schwerdtfeger, Lukas"]
[Black "Nguyen, Gia Huy Philipp"]
[Result "0-1"]
[WhiteElo "1418"]
[BlackElo "1450"]
[PlyCount "108"]
[EventDate "2012.12.27"]
[EventType "team-swiss"]
[EventRounds "7"]
[EventCountry "GER"]
[SourceTitle "EXT 2014"]
[Source "ChessBase"]
[SourceDate "2013.11.20"]
[SourceVersion "1"]
[SourceVersionDate "2013.11.20"]
[SourceQuality "1"]
[WhiteTeam "Bochum SG"]
[BlackTeam "Solingen"]
[WhiteTeamCountry "GER"]
[BlackTeamCountry "GER"]

1. e4 c5 2. Nf3 d6 3. d4 cxd4 4. Nxd4 Nf6 5. Nc3 a6 6. Bg5 Nbd7 7. Bc4 e6 8. 0-0 b5 9. Bb3 Qc7 10. a3 Be7 11. f4 Nc5 12. Bxf6 Bxf6 13. Ba2 Bb7 14. Re1 0-0 15. Qd2 Rfc8 16. Rac1 Qb6 17. Kh1 Bxe4 18. Nxe6 Bxc3 19. bxc3 Bxg2+ 20. Qxg2 Nxe6 21. Rxe6 fxe6 22. Bxe6+ Kf8 23. Bxc8 Rxc8 24. Re1 Qc6 25. Re3 Kf7 26. Kg1 Qxg2+ 27. Kxg2 Rc4 28. Kf3 Ra4 29. Ke2 Rxa3 30. Kd2 Ra4 31. f5 Rc4 32. Re6 Rc6 33. Kd3 g6 34. Re4 gxf5 35. Rd4 Ke6 36. Rh4 Rc7 37. Rh3 a5 38. Kd2 Rf7 39. Kd3 Kd5 40. Rh4 f4 41. Ke2 a4 42. Rg4 Kc4 43. Kd2 a3 44. Rg1 f3 45. Kc1 Kxc3 46. Kb1 f2 47. Rf1 Kd2 48. Ka2 Ke2 49. Ra1 f1Q 50. Rxf1 Rxf1 51. Kxa3 Kd2 52. h4 Kc3 53. Ka2 h5 54. Ka3 Ra1# 0-1